Leviatán: la materia, forma y poder de un estado eclesiástico y civil

Saved in:
Bibliographic Details
Main Author: Hobbes, Thomas (Author)
Format: Book
Language:Spanish
Published: Madrid Alianza 1995
Series:Colección Alianza Universidad, 582
Subjects:
Tags: Add Tag
No Tags, Be the first to tag this record!

MARC

LEADER 00000nam a2200000 a 4500
001 UCP4147
003 CL-VaPUC
008 990724e19950000SP |||||||||||||||||spa|d
082 0 4 |a 320.101  |b HOB  |2 21 
100 |a Hobbes, Thomas  |e author  |9 223165 
245 1 0 |a Leviatán: la materia, forma y poder de un estado eclesiástico y civil 
300 |a 550 p 
942 |c BK 
945 |d 19990724 00:00:00  |a rbrito 
260 |a Madrid  |b Alianza  |c 1995 
650 0 |a Estado  |9 255503 
650 0 |a Poder político  |9 255509 
650 0 |a Política  |9 255312 
650 0 |a Ética  |9 255099 
650 0 |a Religión   |9 255164 
650 0 |a Libertad  |9 255686 
583 |a last modification  |c 19990724 00:00:00  |k Rodrigo Vera 
490 0 |a Colección Alianza Universidad, 582 
999 |c 282203  |d 282201 
952 |0 0  |1 0  |4 0  |6 320_101000000000000_HOB_1995  |7 0  |8 R  |9 323727  |a BIBHIS  |b BIBHIS  |d 2019-11-20  |i 3541967  |l 6  |o 320.101 HOB 1995  |p 3541967  |r 2024-01-30  |s 2022-06-20  |w 2019-11-20  |y BK_R  |k HIS